000 00909pam a2200265 i 4500
999 _c233287
_d233287
001 4628673
003 Nust
005 20170306145138.0
008 780531s1979 nyua b 001 0 eng
010 _a 78018172
020 _a81-85860-96-3
040 _aDLC
_cASAB
_dDLC
050 0 0 _aSF95
_b.M35 1979
082 0 0 _a636.08/52
245 0 0 _arecent trends in animal nutrition and feed technology for livestock, pets and laboratory animals
_cD.N. Pandey
250 _a7th ed.
260 _aNew York :
_bMcGraw-Hill,
_cc1979.
300 _ax, 278 p. :
_bill. ;
_c24 cm.
490 0 _aMcGraw-Hill publications in the agricultural sciences
500 _aSixth ed. published in 1969 by L. A. Maynard and J. K. Loosli.
504 _aIncludes bibliographies and index.
650 0 _aAnimal nutrition.
700 1 _aMaynard, Leonard Amby,
_d1887-
906 _a7
_bcbc
_corignew
_d1
_eocip
_f19
_gy-gencatlg
942 _2ddc
_cBK